Securities Industry Act, 2016 (Act 929) (Record no. 6040)
[ view plain ]
| 000 -LEADER | |
|---|---|
| fixed length control field | 00311nam a22001217a 4500 |
| 245 ## - TITLE STATEMENT | |
| Title | Securities Industry Act, 2016 (Act 929) |
| Statement of responsibility, etc | by Republic of Ghana |
| 246 ## - VARYING FORM OF TITLE | |
| Title proper/short title | ACT 929 |
| 260 ## - PUBLICATION, DISTRIBUTION, ETC. (IMPRINT) | |
| Place of publication, distribution, etc | Accra |
| Name of publisher, distributor, etc | Assembly Press |
| Date of publication, distribution, etc | 2016 |
| 300 ## - PHYSICAL DESCRIPTION | |
| Extent | 143p. |
| 440 ## - SERIES STATEMENT/ADDED ENTRY--TITLE | |
| Title | Acts of parliament. |
| 650 ## - SUBJECT ADDED ENTRY--TOPICAL TERM | |
| Topical term or geographic name as entry element | Security Industry |
| 942 ## - ADDED ENTRY ELEMENTS (KOHA) | |
| Item type | Reference |
| Withdrawn status | Lost status | Source of classification or shelving scheme | Damaged status | Not for loan | Home library | Current library | Shelving location | Date acquired | Total Checkouts | Barcode | Date last seen | Price effective from | Koha item type |
|---|---|---|---|---|---|---|---|---|---|---|---|---|---|
| Dewey Decimal Classification | Methodist University Law Library | Methodist University Law Library | Reference | 28/08/2019 | 7981 | 28/08/2019 | 28/08/2019 | Reference |